000
00296nam a22001337a 4500
008
170523b xxu||||| |||| 00| 0 eng d
020
_a
9780679768449
041
_a
eng
080
_a
94(7/8)
100
_a
16
101
_a
SHH
245
_a
ARGUING ABOUT SLAVERY
_c
MILLER, W.L
942
_2
udc
_c
BK
999
_c
13848
_d
13848